Quizzes
Events
Quiz Creation
Community
Videos
Private Events
Remove Ads
Sign In
Join for FREE
Feedback
Dark Mode
Quiz Categories
Sports
Geography
Music
Movies
Television
Just For Fun
Miscellaneous
History
Literature
Language
Science
Gaming
Entertainment
Religion
Holiday
For Kids
Quiz Lab
Recent
Popular Today
Quiz Kudos Today
Editor Picks
Curator Picks
Quizzes by...
Day
Popularity
Type
Ratings
Length
Year
Community
Subscriptions
Recent Discussions
Orange Saloon
Badges
Playlists
Quests
Create
Leaderboards
Showdown
Live 5
Trivia Bingo
Activity
Puzzle Library
Sporcle Events
Private Events
Virtual Trivia
Globe League
Become a Host
Pub Owners
SporcleCon
Opinionation
Our Games
Videos
Blog
Mobile Apps
Partnerships
Remove Ads and Go Orange
Feedback
Geography
Country
Landmarks
City
State
Population
World
Capital
Continent
Flags
Europe
Africa
Asia
South America
North America
Oceania
Border
Canada
United Kingdom
Topography
United States
Geography
Country
Landmarks
City
State
Population
World
Capital
Continent
Flags
Europe
Africa
Asia
South America
North America
Oceania
Border
Canada
United Kingdom
Topography
United States
Random Quiz
Search Sporcle
×
Quiz Lab
Quiz Lab
Geography
State
Type in answers that appear in a list
Type in answers that appear in a list
Classic
Best Score? Go Orange.
US States Stats
Can you type the US States three times before the time runs out?
By
tfht
6m
150 Questions
16 Plays
16 Plays
16 Plays
Comments
Comments
Give Quiz Kudos
Give Quiz Kudos
-
- Ratings
hide this ad
Forced Order
Answers have to be entered in order
Answers have to be entered in order
Replay
Link that replays current quiz
Next Quiz
Link to next quiz in quiz playlist
You Got
0%
They Got
Avg Score
50%
Avg Friend Score
Upgrade to see
Score Distribution
Jump to the score distribution portion of the page
Score
0/150
Timer
06:00
0
Plays Today
% Correct
Alabama
100%
Alaska
93.8%
Arizona
87.5%
Arkansas
81.3%
California
81.3%
Colorado
81.3%
Connecticut
81.3%
Delaware
75%
Florida
75%
Georgia
75%
Hawaii
75%
Illinois
75%
Indiana
75%
Iowa
75%
Kansas
75%
Kentucky
75%
Louisiana
75%
Maine
75%
Maryland
75%
Michigan
75%
Minnesota
75%
Montana
75%
New Jersey
75%
New Mexico
75%
New York
75%
North Carolina
75%
North Dakota
75%
Ohio
75%
Oregon
75%
Pennsylvania
75%
Rhode Island
75%
South Carolina
75%
South Dakota
75%
Tennessee
75%
Texas
75%
Utah
75%
Vermont
75%
Virginia
75%
Washington
75%
West Virginia
75%
Wyoming
75%
Idaho
68.8%
Massachusetts
68.8%
Missouri
68.8%
Nevada
68.8%
New Hampshire
68.8%
Oklahoma
68.8%
Wisconsin
68.8%
Mississippi
62.5%
Nebraska
62.5%
% Correct
Alabama
56.3%
Alaska
56.3%
Arizona
56.3%
Arkansas
50%
California
50%
Colorado
50%
Connecticut
50%
Delaware
50%
Florida
50%
Georgia
50%
Hawaii
43.8%
Idaho
43.8%
Illinois
43.8%
Indiana
43.8%
Iowa
43.8%
Kansas
43.8%
Kentucky
43.8%
Louisiana
43.8%
Maine
43.8%
Maryland
43.8%
Massachusetts
43.8%
Michigan
43.8%
Minnesota
43.8%
Mississippi
43.8%
Missouri
43.8%
Montana
43.8%
Nebraska
43.8%
Nevada
43.8%
New Hampshire
43.8%
New Jersey
43.8%
New Mexico
43.8%
New York
43.8%
North Carolina
43.8%
North Dakota
43.8%
Oklahoma
43.8%
Oregon
43.8%
Pennsylvania
43.8%
Rhode Island
43.8%
Ohio
43.8%
Tennessee
37.5%
Texas
37.5%
Utah
37.5%
Vermont
37.5%
Virginia
37.5%
Washington
37.5%
West Virginia
37.5%
Wyoming
37.5%
South Dakota
37.5%
South Carolina
37.5%
Alaska
37.5%
% Correct
Alabama
37.5%
Arizona
37.5%
Arkansas
37.5%
California
37.5%
Colorado
37.5%
Connecticut
37.5%
Delaware
37.5%
Florida
37.5%
Georgia
37.5%
Hawaii
37.5%
Idaho
37.5%
Illinois
37.5%
Indiana
37.5%
Iowa
37.5%
Kansas
37.5%
Kentucky
37.5%
Wisconsin
31.3%
Louisiana
31.3%
Maine
31.3%
Maryland
31.3%
Massachusetts
31.3%
Michigan
31.3%
Minnesota
31.3%
Mississippi
31.3%
Missouri
31.3%
Montana
31.3%
Nebraska
31.3%
Nevada
31.3%
New Hampshire
31.3%
New Jersey
31.3%
New Mexico
31.3%
New York
31.3%
North Carolina
31.3%
North Dakota
31.3%
Ohio
31.3%
Oklahoma
31.3%
Oregon
31.3%
Pennsylvania
31.3%
Rhode Island
31.3%
South Carolina
31.3%
South Dakota
31.3%
Tennessee
31.3%
Texas
31.3%
Utah
25%
Vermont
25%
Virginia
25%
Washington
25%
West Virginia
25%
Wisconsin
25%
Wyoming
25%
Quiz Playlist
Details
Report
Send in Message
Add To Playlist
Classic:
Type in answers that appear in a list
Forced Order:
Answers have to be entered in order
Last Updated: Feb 16, 2017
Quiz Scoreboard
CHALLENGE
Sign Up to Join the Scoreboard
Show All
Scores
Hide
Comments
May contain spoilers
Recently Published
NBA Finals Game Top Scorers (2010s)
by flibbidy
Sports
5m
Guess the 'R' Things in 3 Words
by MSUKent
Miscellaneous
3m
Actor to Badly Drawn Movie III
by MoMosMoProblems
Movies
5m
More to Explore
Quiz From the Vault
Featured Blog Post
Where Does Lost Luggage Go?
hide this ad
You Might Also Like...
Tags
State Quiz
United States Quiz
before
run
three
Today's Top Quizzes in Geography
Browse Geography
hide this ad
Today's Top Quizzes in State
Browse State
Top Contributed Quizzes in Geography
1
Countries of the World - No Outlines Minefield
2
Find the Landmarks A-Z
3
Lietuvos savivaldybės (Lithuanian Municipalities)
4
Blind Ultimate Minefield: World
5
Ultimate Geography Challenge 'A'
6
Find the US States - No Outlines
7
3, 2, 1 or 0: Land Borders
8
Complete the Map Snippet (Minefield) IX
9
Nickname Match: U.S. States
10
Complete the Map Snippet (Minefield) X
Explore More
Trending Topics
Crossword
Marvel
Anime
Kpop
NBA
Disney
Harry Potter
Soccer
Pokémon
WWE
Song
Country
Puzzle
The Office
NFL
hide this ad
More By:
tfht
Quiz
Plays
Rating
Category
Featured
Created
Disney princesses
870
4.67
Movies
Jan 1, 2015
FIGURE OUT THE DISNEY LYRICS XIV
199
4.00
Music
Jul 20, 2015
US States
16
Geography
Jan 5, 2015
Go to Creator's Profile
Score Distribution
Quiz Creator Spotlight
tfht
Follow
Send a Message
Quizzes Created
-
Created Quiz Play Count
-
More By This Creator
Popular Quizzes Today
1
Find the US States - No Outlines Minefield
2
Find the US States
3
The Countries of the World
4
10 Largest US States in Order
5
Find the Countries of Europe - No Outlines Minefield
6
US States
7
Guess the 'R' Things in 3 Words
8
NBA Finals Game Top Scorers (2010s)
More Geography Quizzes
April Capitals
Quiz Lab
Trending Quizzes
First Name TV: Leading Men
First Name TV: Leading Women Drama
Match the Book to the Film II
Pick A Pair: Religious TV
Match the Book to the Film VI
Recently Updated
Women's Final Four Teams by Year
bhenderson79
Presidents Quartet II
eogle
Anything But Clue(do)
eogle
Anything But Oceanian Capitals
eogle
Anything But 7
eogle
Anything But Thing
eogle
Word Ladder: February 29
pecheneg
Song Title Questions
pecheneg
Women's NCAA Tournament #1 Seeds
pecheneg
Celebrity Mug Shots
pecheneg
Trending Topics
Disney
Kpop
Marvel
Harry Potter
Anime
Crossword
NBA
Pokémon
Puzzle
The Office
NFL
Song
WWE
Soccer
Country
Your Account Isn't Verified!
In order to create a playlist on Sporcle, you need to verify the email address you used during registration. Go to your
Sporcle Settings
to finish the process.
Report this User
Report this user for behavior that violates our
Community Guidelines
.
Details:
Send Report
Go to the Sporcle.com Mobile Site →
Comments